000 00389pab a2200157 454500
008 180718b1997 xxu||||| |||| 00| 0 eng d
100 _aJudge, Paramjit S.
245 _aEmerging trends in the caste structure in Punjab
260 _c1997
300 _ap.55-65
362 _aJan-Mar
650 _aCaste - India - Punjab
650 _aCaste
773 _aAdministrator
909 _a35591
999 _c35591
_d35591